Wszystkie skiny do MP7 w CS:GO - Statystyki

Ogólne statystyki
  • Ten quiz został rozwiązany 9 razy
  • Średni wynik to 6 z 29
Statystyki odpowiedzi
Rodzaj (Kolor) Skin % Poprawnych
Niebieski Cirrus
67%
Fioletowy Fade
67%
Niebieski Akoben
33%
Niebieski Army Recon
33%
Niebieski Asterion
33%
Czerwony Bloodsport
33%
Niebieski Forest DDPAT
33%
Niebieski Groundwater
33%
Niebieski Gunsmoke
33%
Niebieski Motherboard
33%
Fioletowy Ocean Foam
33%
Niebieski Olive Plaid
33%
Niebieski Orange Peel
33%
Fioletowy Powercore
33%
Niebieski Skulls
33%
Niebieski Whiteout
33%
Niebieski Anodized Navy
0%
Niebieski Armor Core
0%
Niebieski Full Stop
0%
Fioletowy Impire
0%
Niebieski Mischief
0%
Różowy Nemesis
0%
Fioletowy Neon Ply
0%
Niebieski Scorched
0%
Fioletowy Special Delivery
0%
Niebieski Tall Grass
0%
Niebieski Teal Blossom
0%
Niebieski Urban Hazard
0%
Niebieski Vault Heist
0%
Nie znaleziono quizów pasujących do podanych kryteriów
Rozkład punktacji
Procent ludzi z każdym wynikiem
Percentyl według liczby udzielonych odpowiedzi
Twoja historia wyników
Nie rozwiązałeś tego quizu